书目信息 |
| 题名: |
塑料模典型结构100例
|
|
| 作者: | 黄晓燕 主编 | |
| 分册: | ||
| 出版信息: | 上海 上海科学技术出版社 2008.01 |
|
| 页数: | 188页 | |
| 开本: | 26cm | |
| 丛书名: | 模具技术丛书 | |
| 单 册: | ||
| 中图分类: | TQ320.66 | |
| 科图分类: | ||
| 主题词: | 塑料模具--su liao mo ju--结构设计 | |
| 电子资源: | ||
| ISBN: | 978-7-5323-9055-7 | |
| 000 | 00953nam 2200265 450 | |
| 001 | 012009478864 | |
| 005 | 20090429182903.96 | |
| 010 | @a978-7-5323-9055-7@dCNY28.00 | |
| 100 | @a20090429d2008 em y0chi0120 ea | |
| 101 | 0 | @achi |
| 102 | @aCN@b310000 | |
| 105 | @aa a 000yy | |
| 106 | @ar | |
| 200 | 1 | @a塑料模典型结构100例@Asu liao mo dian xing jie gou 100 li@f黄晓燕主编@Fhuang xiao yan zhu bian |
| 210 | @a上海@c上海科学技术出版社@d2008.01 | |
| 215 | @a188页@c图@d26cm | |
| 225 | 2 | @a模具技术丛书@Amo ju ji shu cong shu |
| 320 | @a有书目 | |
| 330 | @a本书汇编了塑料压缩模、传递模、注射模和挤出模典型结构共100例,包括了各种特征制品(壳、盖、筒、杆、套、线圈、齿轮、螺纹、座、管、异型材、膜、板等)的塑料模结构。 | |
| 410 | 0 | @12001 @a模具技术丛书 |
| 606 | 0 | @a塑料模具@Asu liao mo ju@x结构设计 |
| 690 | @aTQ320.66@v4 | |
| 701 | 0 | @a黄晓燕@Ahuang xiao yan@4主编 |
| 801 | 0 | @aCN@bQSSK@c20090429 |
| 905 | @b739000-02@dTQ320.66@eH908@f3 | |
| 塑料模典型结构100例/黄晓燕主编.-上海:上海科学技术出版社,2008.01 |
| 188页:图;26cm.-(模具技术丛书) |
| ISBN 978-7-5323-9055-7:CNY28.00 |
| 本书汇编了塑料压缩模、传递模、注射模和挤出模典型结构共100例,包括了各种特征制品(壳、盖、筒、杆、套、线圈、齿轮、螺纹、座、管、异型材、膜、板等)的塑料模结构。 |
| ● |
| 相关链接 |
|
|
|
正题名:塑料模典型结构100例
索取号:TQ320.66/H908
 
预约/预借
| 序号 | 登录号 | 条形码 | 馆藏地/架位号 | 状态 | 备注 |
| 1 | 739000 | 207390009 | 期刊室512/501自科库 140排8列2层/ [索取号:TQ320.66/H908] | 在馆 | |
| 2 | 739001 | 207390018 | 自科库501/501自科库 140排7列2层/ [索取号:TQ320.66/H908] | 在馆 | |
| 3 | 739002 | 207390027 | 自科库501/501自科库 140排7列2层/ [索取号:TQ320.66/H908] | 在馆 |